Köszöntjük a hatvanéves Felföldi Lászlót

Elmentve itt :
Bibliográfiai részletek
Szerző: Varga Sándor
Dokumentumtípus: Cikk
Megjelent: 2007
Sorozat:NÉPRAJZI HÍREK 36 No. 3-4
mtmt:3325388
Online Access:http://publicatio.bibl.u-szeged.hu/20647
LEADER 00613nab a2200181 i 4500
001 publ20647
005 20210129142509.0
008 210129s2007 hu o 0|| zxx d
022 |a 0133-8021 
024 7 |a 3325388  |2 mtmt 
040 |a SZTE Publicatio Repozitórium  |b hun 
041 |a zxx 
100 1 |a Varga Sándor 
245 1 0 |a Köszöntjük a hatvanéves Felföldi Lászlót  |h [elektronikus dokumentum] /  |c  Varga Sándor 
260 |c 2007 
300 |a 76-78 
490 0 |a NÉPRAJZI HÍREK  |v 36 No. 3-4 
856 4 0 |u http://publicatio.bibl.u-szeged.hu/20647/1/VargaS_KoszontjukahatvanevesFelfoldiLaszlot.pdf  |z Dokumentum-elérés